000 00963nam a2200253 a 4500
001 000027909
003 OSt
005 20240409073641.0
008 110427s1951 dr 000 0bspa d
040 _aDO-SdBNP
_bspa
_cBNPHU
082 4 _a972.93053
_bM516v, 1951
_222
100 1 _aMejía, Félix A.,
_d1905-1962
_954973
245 1 0 _aVía crucis de un pueblo :
_brelato sinóptico de la tragedia dominicana bajo a férula de Trujillo /
_cFélix A. Mejía.
260 _aMéxico :
_bEditorial Veracruz,
_c1951.
300 _a377 p. ;
_c24 cm.
490 1 _aCultura Dominicana
500 _aIncluye índice onomástico.
600 1 0 _aTrujillo Molina, Rafael Leónidas,
_d 1891-1961
_976764
650 4 _aPersecusiones políticas
_zRepública Dominicana
_934704
651 4 _aRepública Dominicana
_xPolítica Y Gobierno
_yERA DE TRUJILLO, 1930-1961
_91374
830 0 _aCultura Dominicana
_91708
910 _aValidado. Control de calidad MFF
942 _2ddc
_cLBS1
999 _c27401
_d27401